000 00438nam a2200181Ia 4500
005 20250423101229.0
008 250422s9999 xx 000 0 und d
020 _a978 030 035 X
050 _aGV 568 .A34/
100 _aAdedeji, J. Ademola
245 4 _aThe dynamics of physical education and sports
260 _aIbadan
260 _bUniversity Press
260 _c2005
300 _a240 p
650 _aEducation
942 _cBK
999 _c35685
_d35685